Statistics for The Undertaker's opponents

Click here to take the quiz!

General Stats

  • This quiz has been taken 310 times
    (97 since last reset)
  • The average score is 60 of 159

Answer Stats

Answer % Correct
Triple H
96%
Kane
95%
The Big Show
95%
Hulk Hogan
93%
John Cena
91%
Shawn Michaels
91%
Ric Flair
91%
Shane McMahon
89%
The Rock
87%
"Stone Cold" Steve Austin
85%
Brock Lesnar
84%
CM Punk
82%
Vince McMahon
82%
Randy Orton
82%
Edge
80%
Mark Henry
80%
Roman Reigns
78%
Bray Wyatt
78%
Batista
78%
Kurt Angle
75%
Jeff Hardy
75%
Mankind
73%
A.J Styles
73%
Chris Jericho
73%
Matt Hardy
71%
Yokozuna
69%
Bret "Hitman" Hart
69%
Diesel
69%
"Superfly" Jimmy Snuka
67%
"Macho Man" Randy Savage
67%
Jake "The Snake" Roberts
65%
Owen Hart
65%
The Ultimate Warrior
65%
John Bradshaw Layfield
64%
Rey Mysterio
64%
A-Train
64%
Goldberg
64%
Christian
62%
Chris Benoit
62%
David Flair
62%
Giant Gonzales
60%
The Great Khali
60%
X-Pac
60%
Sid
60%
Big Bossman
58%
MVP
56%
Goldust
56%
Booker T
56%
King Kong Bundy
55%
Dean Ambrose
55%
"Million Dollar Man" Ted Dibiase
53%
Luther Reigns
53%
Mabel
53%
Razor Ramon
51%
Drew McIntyre
51%
The Miz
51%
Chavo Guerrero Jr.
49%
Rob Van Dam
47%
The Godfather
47%
Vader
45%
Bubba Ray Dudley
45%
Test
45%
Rikishi
44%
"Rowdy" Roddy Piper
44%
Sting
44%
"Diamond" Dallas Page
44%
Lex Luger
42%
Hawk
42%
"The Undertaker"
42%
Rusev
40%
Davey Boy Smith
40%
Shelton Benjamin
40%
Mr. Kennedy
38%
Spike Dudley
38%
Sir Mo
38%
Animal
38%
Jerry "The King" Lawler
35%
William Regal
35%
Finlay
33%
Vladimir Kozlov
31%
Farooq
31%
Bam Bam Bigelow
31%
Jim Neidhart
31%
Jeff Jarrett
31%
Maven
29%
Ken Shamrock
29%
Rick Steiner
27%
Tazz
27%
Val Venis
25%
Irwin R. Shyster
25%
Crush
25%
Orlando Jordan
25%
Zack Ryder
25%
Kamala
24%
Tatanka
24%
Tommy Dreamer
24%
Jack Swagger
24%
Heidenreich
22%
"Hacksaw" Jim Duggan
22%
Terry Gordy
22%
Tito Santana
22%
Raven
22%
Rhyno
22%
Chuck Palumbo
20%
Brian Pillman
20%
Tajiri
20%
Al Snow
20%
Jamie Noble
18%
Johnny Nitro
18%
Barry Windham
18%
Haku
18%
Nunzio
16%
Kerry Von Erich
16%
Marc Mero
16%
Mark Jindrak
16%
Savio Vega
15%
Muhammad Hassan
15%
Tugboat
13%
Kevin Von Erich
13%
Damien Demento
13%
Festus
13%
Terry Taylor
13%
Henry O. Godwinn
9%
Tommy RIch
9%
Steven Richards
9%
Johnny Ace
9%
Daivari
9%
Paul Orndorff
9%
Nailz
9%
JW Storm
9%
Junkyard Dog
7%
Tom Zenk
7%
The Brooklyn Brawler
7%
Barry Horowitz
7%
Gregory Helms
7%
Shane Douglas
7%
Adam Bomb
7%
Bruiser Brody
7%
Mr. Hughes
5%
Salvatore Sincere
5%
The Berzerker
5%
The Goon
5%
Johnny Stamboli
4%
Skinner
4%
Rene Dupree
4%
Dutch Mantel
4%
Col. Mustafa
4%
Eric Embry
4%
Samu
4%
Kurrgan
4%
Bill Dundee
2%
Bill DeMott
2%
Eddie Gilbert
2%
Christopher Nowinski
2%
Shinya Hashimoto
2%
Norman
2%
Ronnie P. Gossett
0%
The Italian Stallion
0%
Doug Furnas
0%

Score Distribution

Percentile by Number Answered

Percent of People with Each Score

Your Score History

You have not taken this quiz since the last reset